Country Flags - Sudden Death - Statistics

General Stats
  • This quiz has been taken 564 times
    562 since last reset
  • The average score is 8 of 50
Answers on the Grid
Answers color-coded by a green-red scale on the quiz's grid according to % correct below.
image
image
image
image
image
image
image
image
image
image
image
image
image
image
image
image
image
image
image
image
image
image
image
image
image
image
image
image
image
image
image
image
image
image
image
image
image
image
image
image
image
image
image
image
image
image
image
image
image
image
image
image
image
image
image
image
image
image
image
image
image
image
image
image
image
image
image
image
image
image
image
image
image
image
image
image
image
image
image
image
image
image
image
image
image
image
image
image
image
image
image
image
image
image
image
image
image
image
image
image
 
Answer Stats
Answer % Correct
Malaysia image
23%
Lithuania image
22%
Burundi image
20%
Malawi image
20%
Sudan image
20%
Denmark image
20%
Netherlands image
19%
Nigeria image
18%
Bolivia image
18%
France image
18%
Ghana image
18%
Liberia image
18%
Indonesia image
18%
Madagascar image
18%
Bulgaria image
17%
Iceland image
17%
Algeria image
17%
Cuba image
17%
Kenya image
16%
Libya image
16%
St. Vincent and the Grenadines image
16%
Iraq image
16%
Nicaragua image
16%
Czech Republic image
16%
Poland image
15%
Kuwait image
15%
Panama image
15%
Jordan image
15%
Finland image
15%
East Timor image
15%
Austria image
15%
Antigua and Barbuda image
14%
Kiribati image
14%
Gabon image
14%
Yemen image
14%
Niger image
14%
Syria image
13%
Comoros image
13%
Guinea image
13%
Mali image
13%
Equatorial Guinea image
12%
Mauritius image
12%
Maldives image
11%
Myanmar image
11%
Fiji image
11%
Tuvalu image
11%
Russia image
10%
Sierra Leone image
10%
Gambia image
9%
Republic of the Congo image
7%
No matching quizzes found
Score Distribution
Percent of People with Each Score
Percentile by Number Answered
Your Score History
You have not taken this quiz since the last reset